[Event "Schleswig Holstein-ch Senioren"]
[Site "Ratzeburg"]
[Date "2017.04.11"]
[Round "5.10"]
[White "Potschka, Dieter"]
[Black "Gruber, Albert"]
[Result "1-0"]
[WhiteElo "1853"]
[BlackElo "1896"]
[PlyCount "120"]
[EventDate "2017.04.08"]
[EventType "swiss"]
[EventRounds "9"]
[EventCountry "GER"]
[SourceTitle "EXT 2022"]
[Source "ChessBase"]
[SourceDate "2021.10.06"]
[SourceVersion "1"]
[SourceVersionDate "2021.10.06"]
[SourceQuality "1"]

1. c4 c5 2. Nc3 b6 3. Nf3 Bb7 4. g3 g6 5. Bg2 Bg7 6. 0-0 Nf6 7. d3 0-0 8. a3 Nc6 9. Bd2 Rb8 10. Rb1 d5 11. cxd5 Nxd5 12. Nxd5 Qxd5 13. Nh4 Qd6 14. Bc3 e5 15. b4 cxb4 16. axb4 Nd4 17. b5 Ne6 18. Bb4 Nc5 19. Ba3 Bxg2 20. Nxg2 Rbd8 21. Ne3 f5 22. Nc4 Qe6 23. Bxc5 bxc5 24. Qa4 Rd7 25. b6 axb6 26. Rxb6 Qf7 27. Qb5 e4 28. Nd6 Qe7 29. Qxc5 Rfd8 30. Qc4+ Kf8 31. Nc8 Qf7 32. Qb4+ Kg8 33. Nd6 Qe7 34. Qc4+ Kh8 35. Nc8 Qf8 36. Rc6 exd3 37. exd3 Rxd3 38. Qa6 f4 39. Rc4 g5 40. Qe6 Re8 41. Qa6 Qf7 42. Rc6 Red8 43. Rd6 R3xd6 44. Nxd6 Qd5 45. Nb5 h5 46. Nc7 Qf5 47. Qe6 Qd3 48. Qf7 f3 49. Qxh5+ Qh7 50. Qxf3 Rf8 51. Qg4 Qg6 52. Ne6 Rf6 53. Nxg5 Bh6 54. h4 Rf5 55. Qd4+ Bg7 56. Qd8+ Rf8 57. Qe7 Rf6 58. Qe4 Qh6 59. Qe8+ Rf8 60. Qxf8+ Bxf8 1-0

[Event "Mecklenburg VP LL2 West 1213"]
[Site "Mecklenburg VP"]
[Date "2012.10.14"]
[Round "1.5"]
[White "Oelke, Bernd"]
[Black "Gruber, Albert"]
[Result "1/2-1/2"]
[WhiteElo "1785"]
[BlackElo "1710"]
[PlyCount "68"]
[EventDate "2012.10.14"]
[EventType "team-tourn"]
[EventRounds "9"]
[EventCountry "GER"]
[SourceTitle "EXT 2022"]
[Source "ChessBase"]
[SourceDate "2021.10.06"]
[SourceVersion "1"]
[SourceVersionDate "2021.10.06"]
[SourceQuality "1"]
[WhiteTeam "Putlitzer SV 1921"]
[BlackTeam "Parchim SV Blau-Weiss 69"]
[WhiteTeamCountry "GER"]
[BlackTeamCountry "GER"]

1. d4 Nf6 2. Nf3 d5 3. Bf4 g6 4. e3 Bg7 5. Bd3 0-0 6. h3 Nbd7 7. Nbd2 b6 8. Qe2 Bb7 9. 0-0 Re8 10. Ne5 Rc8 11. Bh2 c5 12. c3 c4 13. Bc2 b5 14. f4 Ne4 15. g4 f6 16. Nxd7 Qxd7 17. Nxe4 dxe4 18. f5 g5 19. Bg3 Qd5 20. Qh2 a5 21. a3 h6 22. Kf2 e5 23. fxe6 f5 24. gxf5 Qxf5+ 25. Kg1 Qxe6 26. Qg2 Bd5 27. Bd1 Qg6 28. Bg4 Be6 29. Qe2 Bxg4 30. hxg4 Rf8 31. Kg2 Qc6 32. Rxf8+ Rxf8 33. Rf1 Rxf1 34. Qxf1 Qe6 1/2-1/2

[Event "Mecklenburg VP LL2 West 1112"]
[Site "Mecklenburg VP"]
[Date "2012.03.18"]
[Round "8.4"]
[White "Fleischer, Matthias"]
[Black "Gruber, Albert"]
[Result "1/2-1/2"]
[WhiteElo "1737"]
[BlackElo "1705"]
[PlyCount "83"]
[EventDate "2011.10.02"]
[EventType "team-tourn"]
[EventRounds "9"]
[EventCountry "GER"]
[SourceTitle "EXT 2022"]
[Source "ChessBase"]
[SourceDate "2021.10.06"]
[SourceVersion "1"]
[SourceVersionDate "2021.10.06"]
[SourceQuality "1"]
[WhiteTeam "Schwerin SV Einheit"]
[BlackTeam "Parchim SV Blau-Weiss 69"]
[WhiteTeamCountry "GER"]
[BlackTeamCountry "GER"]

1. Nf3 Nf6 2. d4 d5 3. e3 Bf5 4. Bd3 Bg6 5. Qe2 Nbd7 6. Nbd2 e6 7. 0-0 Bd6 8. h3 Ne4 9. c4 c5 10. Nb3 0-0 11. Bd2 b6 12. Rac1 Rc8 13. Rfd1 Qe7 14. Be1 f5 15. Bb1 f4 16. cxd5 fxe3 17. fxe3 exd5 18. dxc5 Ndxc5 19. Nbd4 Bb8 20. Nh4 Qe5 21. Ndf3 Qe6 22. Nxg6 hxg6 23. Bb4 a5 24. Bxc5 bxc5 25. Qd3 Rcd8 26. Qb3 c4 27. Qc2 Rde8 28. Re1 Ba7 29. Rcd1 Rf6 30. Qa4 Ng3 31. Qxa5 Bxe3+ 32. Kh2 Nf5 33. Qxd5 Qxd5 34. Rxd5 Bf4+ 35. Kg1 Rxe1+ 36. Nxe1 Be3+ 37. Kh2 Nd4 38. Nf3 Nxf3+ 39. gxf3 Rb6 40. b3 cxb3 41. axb3 Rxb3 42. Bxg6 1/2-1/2

[Event "Niedersachsen-ch Seniors op 13th"]
[Site "Bad Bevensen"]
[Date "2010.07.10"]
[Round "5"]
[White "Kluger, Hans Peter"]
[Black "Gruber, Albert"]
[Result "0-1"]
[WhiteElo "1743"]
[BlackElo "1639"]
[PlyCount "54"]
[EventDate "2010.07.06"]
[EventType "swiss"]
[EventRounds "9"]
[EventCountry "GER"]
[SourceTitle "EXT 2012"]
[Source "ChessBase"]
[SourceDate "2011.11.24"]
[SourceVersion "1"]
[SourceVersionDate "2011.11.24"]
[SourceQuality "1"]

1. d4 d5 2. c4 e6 3. Nf3 Nf6 4. Bg5 c5 5. e3 cxd4 6. exd4 h6 7. Bh4 Bb4+ 8. Nbd2 0-0 9. a3 Bxd2+ 10. Qxd2 Nbd7 11. cxd5 exd5 12. Rc1 Qb6 13. Bg3 Ne4 14. Qc2 Nxg3 15. hxg3 Nf6 16. Bd3 Re8+ 17. Kf1 Bg4 18. b3 Rac8 19. Qb2 Rxc1+ 20. Qxc1 Qxb3 21. Bc2 Qc4+ 22. Kg1 Bxf3 23. gxf3 Re2 24. Rxh6 Rxc2 25. Qf4 Qe2 26. Qb8+ Ne8 27. Rh2 Rc1+ 0-1

[Event "Mecklenburg VP-ch Seniors op 09th"]
[Site "Binz"]
[Date "2009.12.05"]
[Round "5.29"]
[White "Gruber, Albert"]
[Black "Schlag, Franz"]
[Result "0-1"]
[WhiteElo "1651"]
[BlackElo "1955"]
[PlyCount "94"]
[EventDate "2009.12.01"]
[EventType "swiss"]
[EventRounds "9"]
[EventCountry "GER"]
[SourceTitle "EXT 2022"]
[Source "ChessBase"]
[SourceDate "2021.10.06"]
[SourceVersion "1"]
[SourceVersionDate "2021.10.06"]
[SourceQuality "1"]

1. e4 e5 2. Nf3 Nc6 3. d4 exd4 4. Nxd4 Nf6 5. Nxc6 bxc6 6. Bd3 Bc5 7. 0-0 d6 8. Be3 Bxe3 9. fxe3 0-0 10. Nd2 a5 11. Qe2 Bg4 12. Qf2 Bh5 13. h3 Bg6 14. Rad1 Qe7 15. Qf3 Rae8 16. e5 Qxe5 17. Nc4 Qc5 18. Rde1 d5 19. Bxg6 fxg6 20. Na3 Nh5 21. Qg4 Rxf1+ 22. Kxf1 Qd6 23. Kg1 Qb4 24. Rf1 Qxg4 25. hxg4 Nf6 26. g5 Ne4 27. Rf4 Rb8 28. b3 Nc3 29. Kf1 Rb4 30. Ke1 Rxf4 31. exf4 Nxa2 32. Kd2 Nb4 33. c3 Na6 34. Nc2 c5 35. g4 Kf7 36. Ne3 c6 37. f5 Nb8 38. Kc2 Nd7 39. Kb2 Ne5 40. Ka3 d4 41. Nd1 Nxg4 42. Ka4 gxf5 43. Kxa5 Ke6 44. b4 Kd5 45. Kb6 cxb4 46. cxb4 h5 47. Nb2 Nf2 0-1

[Event "Mecklenburg VP-ch Seniors op 09th"]
[Site "Binz"]
[Date "2009.12.02"]
[Round "2.47"]
[White "Koehler, Marianne"]
[Black "Gruber, Albert"]
[Result "1-0"]
[WhiteElo "1415"]
[BlackElo "1651"]
[PlyCount "125"]
[EventDate "2009.12.01"]
[EventType "swiss"]
[EventRounds "9"]
[EventCountry "GER"]
[SourceTitle "EXT 2022"]
[Source "ChessBase"]
[SourceDate "2021.10.06"]
[SourceVersion "1"]
[SourceVersionDate "2021.10.06"]
[SourceQuality "1"]

1. e4 e5 2. Nf3 Nc6 3. c3 Nf6 4. d3 d5 5. exd5 Nxd5 6. Be2 Bd6 7. 0-0 0-0 8. b4 b5 9. a3 Be6 10. Ng5 h6 11. Nxe6 fxe6 12. g3 Rf6 13. c4 Nf4 14. c5 Nxe2+ 15. Qxe2 Nd4 16. Qe4 Nf3+ 17. Kh1 Be7 18. Nd2 Ng5 19. Qg2 Rc8 20. h4 Nh7 21. Qe4 Rf5 22. Nb3 c6 23. Be3 Nf6 24. Qg2 Qxd3 25. Na5 Qd5 26. f3 Qd3 27. Bg1 e4 28. fxe4 Nxe4 29. Kh2 Bf6 30. Rad1 Nd2 31. Rxf5 exf5 32. Rxd2 Qxa3 33. Nxc6 Kh7 34. Qd5 Rf8 35. Qxf5+ Kh8 36. Qd3 Bc3 37. Re2 a6 38. Qg6 Bxb4 39. Nxb4 Qxb4 40. Qxa6 Qc4 41. Qe6 Qc1 42. Re1 Qc2+ 43. Qe2 Qc3 44. Qe3 Qc2+ 45. Re2 Qc4 46. Rf2 Rc8 47. Rf4 Qc2+ 48. Kh3 h5 49. Qe5 Qg6 50. Qf5 Rc6 51. Qxg6 Rxg6 52. Rb4 Rg4 53. Rxb5 Rc4 54. Rb6 Kg8 55. Rb7 Kf8 56. Rc7 Rc1 57. Bd4 Rc4 58. Bxg7+ Ke8 59. Be5 Kd8 60. Bd6 Rd4 61. Rh7 Rd5 62. Rg7 Rd1 63. Rg5 1-0

[Event "Mecklenburg VP LL2 West 0910"]
[Site "Mecklenburg VP"]
[Date "2009.11.15"]
[Round "2.4"]
[White "Gruber, Albert"]
[Black "Kiecol, Rene"]
[Result "0-1"]
[WhiteElo "1651"]
[BlackElo "1598"]
[PlyCount "62"]
[EventDate "2009.10.18"]
[EventType "team-tourn"]
[EventRounds "9"]
[EventCountry "GER"]
[SourceTitle "EXT 2016"]
[Source "ChessBase"]
[SourceDate "2015.10.08"]
[SourceVersion "1"]
[SourceVersionDate "2015.10.08"]
[SourceQuality "1"]
[WhiteTeam "Parchim SV Blau-Weiss 69"]
[BlackTeam "Schwerin SF III"]
[WhiteTeamCountry "GER"]
[BlackTeamCountry "GER"]

1. e4 d5 2. exd5 Qxd5 3. Nc3 Qa5 4. d4 c6 5. Bc4 Nf6 6. Bd2 Qc7 7. Nge2 Bf5 8. Bf4 Qd8 9. Rf1 e6 10. Ng3 Bg6 11. f3 Nbd7 12. Rf2 Nb6 13. Bb3 Bb4 14. Kf1 Nbd5 15. Bd2 Nxc3 16. bxc3 Bd6 17. Qe2 Qc7 18. f4 0-0-0 19. c4 Ba3 20. Bc3 h5 21. f5 exf5 22. h3 Qxg3 23. Rf3 Qc7 24. c5 Ne4 25. Qc4 Bb2 26. Rd1 Bxc3 27. Rxc3 Nxc3 28. Qxc3 Qf4+ 29. Kg1 Rhe8 30. Qb2 Re2 31. Rf1 Qg3 0-1

[Event "Bad Bevensen Seniors op 12th"]
[Site "Bad Bevensen"]
[Date "2009.07.11"]
[Round "5"]
[White "Gruber, Albert"]
[Black "Krotofil, Kurt"]
[Result "1-0"]
[WhiteElo "1651"]
[BlackElo "1809"]
[PlyCount "93"]
[EventDate "2009.07.07"]
[EventType "swiss"]
[EventRounds "9"]
[EventCountry "GER"]
[SourceTitle "EXT 2022"]
[Source "ChessBase"]
[SourceDate "2021.10.06"]
[SourceVersion "1"]
[SourceVersionDate "2021.10.06"]
[SourceQuality "1"]

1. e4 c5 2. Nf3 Nc6 3. c3 Nf6 4. d3 d6 5. Bg5 e6 6. d4 cxd4 7. cxd4 Be7 8. Nc3 Qa5 9. Bd2 Qb6 10. Na4 Qc7 11. Bd3 0-0 12. 0-0 a6 13. Rc1 b5 14. e5 bxa4 15. exf6 Bxf6 16. Bg5 Bxg5 17. Bxh7+ Kxh7 18. Nxg5+ Kg6 19. h4 f5 20. d5 exd5 21. Qxd5 Bd7 22. Rc3 Rf6 23. Rfc1 Qa5 24. Qf3 Re8 25. Qf4 Qe5 26. h5+ Kxh5 27. Rh3+ Kg6 28. Qh4 Rff8 29. Qh5+ Kf6 30. Nh7+ Ke7 31. Re3 Qxe3 32. fxe3 Rh8 33. Qg6 Reg8 34. Rd1 Be6 35. Qg3 Ne5 36. Ng5 Bxa2 37. e4 g6 38. Qa3 Kf6 39. Nh3 Bb3 40. Qxd6+ Be6 41. Nf4 Re8 42. Nd5+ Kg5 43. Qxe5 Bxd5 44. Qg3+ Kf6 45. exd5 Rb8 46. d6 Rb3 47. Qf4 1-0

[Event "Bad Bevensen Seniors op 12th"]
[Site "Bad Bevensen"]
[Date "2009.07.10"]
[Round "4"]
[White "Zoeller, Henning"]
[Black "Gruber, Albert"]
[Result "0-1"]
[WhiteElo "1426"]
[BlackElo "1651"]
[PlyCount "72"]
[EventDate "2009.07.07"]
[EventType "swiss"]
[EventRounds "9"]
[EventCountry "GER"]
[SourceTitle "EXT 2022"]
[Source "ChessBase"]
[SourceDate "2021.10.06"]
[SourceVersion "1"]
[SourceVersionDate "2021.10.06"]
[SourceQuality "1"]

1. e4 e5 2. Nf3 Nc6 3. Bc4 Bc5 4. c3 d6 5. b4 Bb6 6. d3 h6 7. 0-0 Nf6 8. h3 0-0 9. Nbd2 Be6 10. Kh1 d5 11. Bb3 d4 12. c4 a6 13. Ba4 Qe7 14. Bxc6 bxc6 15. Nxe5 c5 16. Nc6 Qd6 17. e5 Qxc6 18. exf6 Bxh3 19. Ne4 Bf5 20. fxg7 Rfe8 21. Qf3 Qg6 22. Ng3 Bxd3 23. Rg1 Rad8 24. Qh5 Qxh5+ 25. Nxh5 Re5 26. g4 Bg6 27. Nf6+ Kxg7 28. Nh5+ Bxh5 29. gxh5+ Kh7 30. Rg2 Rxh5+ 31. Rh2 Rxh2+ 32. Kxh2 cxb4 33. a3 a5 34. axb4 axb4 35. Ra4 d3 36. Bd2 Bc5 0-1

[Event "Mecklenburg VP-ch Seniors op 08th"]
[Site "Plau am See"]
[Date "2008.10.11"]
[Round "6"]
[White "Gruber, Albert"]
[Black "Gudat, Alfons"]
[Result "0-1"]
[WhiteElo "1731"]
[BlackElo "1868"]
[PlyCount "124"]
[EventDate "2008.10.06"]
[EventType "swiss"]
[EventRounds "9"]
[EventCountry "GER"]
[SourceTitle "EXT 2022"]
[Source "ChessBase"]
[SourceDate "2021.10.06"]
[SourceVersion "1"]
[SourceVersionDate "2021.10.06"]
[SourceQuality "1"]

1. e4 c5 2. Nf3 Nc6 3. d4 cxd4 4. Nxd4 Nf6 5. Nc3 e5 6. Nb3 Bb4 7. Bc4 0-0 8. Bg5 h6 9. Bxf6 Qxf6 10. 0-0 Bxc3 11. bxc3 Ne7 12. Qd2 d6 13. f4 exf4 14. Rxf4 Qe5 15. Raf1 Be6 16. Bd3 Ng6 17. R4f3 Rac8 18. Nd4 Qc5 19. Qf2 Ne5 20. Rf4 Ng6 21. Rf3 a6 22. Qg3 Ne5 23. Rf4 Qxc3 24. Nf5 Bxf5 25. exf5 Qc5+ 26. Kh1 f6 27. h3 Rfe8 28. Re1 d5 29. Rh4 Nf7 30. Re6 Ng5 31. Rg4 h5 32. Rxg5 fxg5 33. Rg6 Qe3 34. Qxg5 Qxg5 35. Rxg5 Kf7 36. Rxh5 Kf6 37. Rh4 Rh8 38. Rg4 Rh6 39. Rb4 Rc7 40. Kh2 Ke5 41. g4 Rhc6 42. Kg3 Rc3 43. Kf3 Ra3 44. Ke2 Rxa2 45. Kd2 b5 46. Rb1 Ra4 47. Re1+ Kf4 48. Re8 b4 49. Rb8 a5 50. Rb6 Ra1 51. f6 gxf6 52. Rxf6+ Kg3 53. Rh6 a4 54. g5 b3 55. cxb3 axb3 56. Rb6 Ra2+ 57. Kd1 b2 58. Bc2 Kxh3 59. g6 Kg4 60. Rb5 Kf4 61. Rxd5 Ra1+ 62. Kd2 Rxc2+ 0-1

[Event "Mecklenburg VP-ch Seniors op 08th"]
[Site "Plau am See"]
[Date "2008.10.06"]
[Round "1"]
[White "Lieb, Harald"]
[Black "Gruber, Albert"]
[Result "1-0"]
[WhiteElo "2137"]
[BlackElo "1731"]
[PlyCount "65"]
[EventDate "2008.10.06"]
[EventType "swiss"]
[EventRounds "9"]
[EventCountry "GER"]
[SourceTitle "EXT 2022"]
[Source "ChessBase"]
[SourceDate "2021.10.06"]
[SourceVersion "1"]
[SourceVersionDate "2021.10.06"]
[SourceQuality "1"]

1. d4 Nf6 2. c4 e6 3. Nf3 d5 4. Nc3 Be7 5. g3 0-0 6. Bg2 c6 7. 0-0 Nbd7 8. b3 Ne4 9. Bb2 f5 10. Ne1 Qa5 11. Nxe4 fxe4 12. f3 Bb4 13. fxe4 Rxf1+ 14. Kxf1 Nf6 15. Nc2 dxe4 16. Nxb4 Qxb4 17. Qc1 Bd7 18. Ba3 Qa5 19. Kg1 Qh5 20. e3 Re8 21. Qd2 b6 22. Rf1 Bc8 23. Bd6 Rd8 24. Be7 Rd7 25. Bxf6 gxf6 26. Rxf6 c5 27. Qf2 Rd8 28. Bxe4 cxd4 29. exd4 Qd1+ 30. Kg2 Qxd4 31. Rf8+ Kg7 32. Qf7+ Kh6 33. Qxh7+ 1-0

[Event "Mecklenburg VP LL2 West 0708"]
[Site "Mecklenburg VP"]
[Date "2007.12.09"]
[Round "4.2"]
[White "Gruber, Albert"]
[Black "Hanisch, Sebastian"]
[Result "0-1"]
[WhiteElo "1770"]
[BlackElo "1888"]
[PlyCount "101"]
[EventDate "2007.10.21"]
[EventType "team-tourn"]
[EventRounds "9"]
[EventCountry "GER"]
[SourceTitle "EXT 2016"]
[Source "ChessBase"]
[SourceDate "2015.10.08"]
[SourceVersion "1"]
[SourceVersionDate "2015.10.08"]
[SourceQuality "1"]
[WhiteTeam "Parchim SV Blau-Weiss 69"]
[BlackTeam "Schwerin SF III"]
[WhiteTeamCountry "GER"]
[BlackTeamCountry "GER"]

1. e4 e6 2. d4 d5 3. Nc3 dxe4 4. Nxe4 Nd7 5. Nf3 Ngf6 6. Ng3 Bd6 7. Bd3 b6 8. 0-0 Bb7 9. Re1 0-0 10. Ne5 c5 11. c3 Qc7 12. f4 Rfd8 13. Qe2 g6 14. Ne4 cxd4 15. cxd4 Nxe4 16. Bxe4 Bxe4 17. Qxe4 Nf6 18. Qe2 Nd5 19. Bd2 Qc2 20. Nxf7 Kxf7 21. Qxe6+ Kg7 22. Qxd5 Qxd2 23. Qb7+ Kh8 24. Rad1 Qxf4 25. g3 Qg4 26. Rf1 Rf8 27. Kg2 Qe2+ 28. Kg1 Rxf1+ 29. Rxf1 Qe3+ 30. Kg2 Re8 31. Qd7 Qe4+ 32. Kh3 Qe6+ 33. Qxe6 Rxe6 34. Rf7 Re7 35. Rf6 Rd7 36. Re6 Kg7 37. Kg2 Kf7 38. Re4 Re7 39. Rh4 Kf6 40. Kf3 h5 41. h3 Bb4 42. Rf4+ Kg7 43. a3 Bd2 44. Re4 Rxe4 45. Kxe4 Bc1 46. b4 Bxa3 47. b5 Kf7 48. Kd5 Bb2 49. g4 hxg4 50. hxg4 Kf6 51. Ke4 0-1

[Event "Niedersachsen-ch Seniors op 10th"]
[Site "Bad Bevensen"]
[Date "2007.07.11"]
[Round "9"]
[White "Ahrens, Gerhard"]
[Black "Gruber, Albert"]
[Result "1-0"]
[WhiteElo "1845"]
[BlackElo "1770"]
[PlyCount "75"]
[EventDate "2007.07.03"]
[EventType "swiss"]
[EventRounds "9"]
[EventCountry "GER"]
[SourceTitle "EXT 2022"]
[Source "ChessBase"]
[SourceDate "2021.10.06"]
[SourceVersion "1"]
[SourceVersionDate "2021.10.06"]
[SourceQuality "1"]

1. e4 e5 2. Bc4 Nf6 3. d3 Be7 4. Nf3 d6 5. Nc3 c6 6. 0-0 Bg4 7. Bg5 Nbd7 8. h3 Bh5 9. g4 Nxg4 10. hxg4 Bxg4 11. Bxe7 Qxe7 12. Re1 h5 13. Re3 Rh6 14. Kf1 Rf6 15. Ke2 Rf4 16. Qh1 Nf6 17. Rg1 0-0-0 18. Kd2 g6 19. Ne2 Bxf3 20. Rxf3 Rxf3 21. Qxf3 Rd7 22. Nc3 b5 23. Bb3 a5 24. a3 a4 25. Ba2 Rb7 26. Rb1 Ng4 27. Re1 b4 28. axb4 f6 29. Nxa4 Rxb4 30. Bb3 Kd8 31. Nc3 Qa7 32. Ke2 f5 33. Nd1 f4 34. Be6 Nh2 35. Qh1 f3+ 36. Kd2 Rxb2 37. Qxh2 Qa5+ 38. Nc3 1-0

[Event "Mecklenburg VP LL2 0607"]
[Site "Mecklenburg VP"]
[Date "2007.03.18"]
[Round "7.4"]
[White "Gruber, Albert"]
[Black "Fechner, Henrik"]
[Result "1-0"]
[WhiteElo "1758"]
[BlackElo "1822"]
[PlyCount "48"]
[EventDate "2006.10.15"]
[EventType "team"]
[EventRounds "9"]
[EventCountry "GER"]
[SourceTitle "EXT 2009"]
[Source "ChessBase"]
[SourceDate "2008.11.26"]
[SourceVersion "1"]
[SourceVersionDate "2008.11.26"]
[SourceQuality "1"]
[WhiteTeam "Parchim SV Blau-Weiss 69"]
[BlackTeam "Malchow Schachinsel"]
[WhiteTeamCountry "GER"]
[BlackTeamCountry "GER"]

1. e4 c6 2. d4 d5 3. e5 Bf5 4. Nf3 e6 5. Bd3 Bxd3 6. Qxd3 Qb6 7. 0-0 c5 8. c3 Nc6 9. Nbd2 cxd4 10. cxd4 Nge7 11. Nb3 Nb4 12. Qd1 Nf5 13. g4 Ne7 14. Be3 h5 15. h3 hxg4 16. hxg4 Ng6 17. a3 Na6 18. Rc1 Qd8 19. Nc5 Nxc5 20. dxc5 Nxe5 21. Nxe5 Qh4 22. Qa4+ Ke7 23. Qd7+ Kf6 24. Qxf7+ Kxe5 1-0

[Event "Mecklenburg VP Seniors op 11th"]
[Site "Plau am See"]
[Date "2007.??.??"]
[Round "4"]
[White "Gruber, Albert"]
[Black "Franke, Wilfried"]
[Result "1-0"]
[WhiteElo "1776"]
[BlackElo "1611"]
[PlyCount "39"]
[EventDate "2007.03.19"]
[EventType "swiss"]
[EventRounds "7"]
[EventCountry "GER"]
[SourceTitle "EXT 2008"]
[Source "ChessBase"]
[SourceDate "2007.11.25"]
[SourceVersion "1"]
[SourceVersionDate "2007.11.25"]
[SourceQuality "1"]

1. e4 e6 2. d4 d5 3. e5 c5 4. c3 Qb6 5. a4 a6 6. Nf3 Nc6 7. Be2 cxd4 8. cxd4 Bb4+ 9. Nc3 Nge7 10. 0-0 Nf5 11. Be3 Nxe3 12. fxe3 0-0 13. Bd3 f6 14. exf6 Rxf6 15. Ng5 Rxf1+ 16. Qxf1 Nd8 17. Bxh7+ Kh8 18. Qf2 Be7 19. Bg6 Bxg5 20. Qf8# 1-0

[Event "Mecklenburg VP Seniors op 11th"]
[Site "Plau am See"]
[Date "2007.??.??"]
[Round "2"]
[White "Gruber, Albert"]
[Black "Klingenberg, Dietrich"]
[Result "1-0"]
[WhiteElo "1776"]
[BlackElo "1638"]
[PlyCount "57"]
[EventDate "2007.03.19"]
[EventType "swiss"]
[EventRounds "7"]
[EventCountry "GER"]
[SourceTitle "EXT 2008"]
[Source "ChessBase"]
[SourceDate "2007.11.25"]
[SourceVersion "1"]
[SourceVersionDate "2007.11.25"]
[SourceQuality "1"]

1. e4 c5 2. Nf3 d6 3. d4 cxd4 4. Nxd4 Nc6 5. Nc3 e6 6. Be3 Nf6 7. f3 Be7 8. Qd2 0-0 9. 0-0-0 a6 10. g4 Qa5 11. Nb3 Qc7 12. g5 Nh5 13. f4 g6 14. Be2 Ng7 15. h4 b5 16. h5 Na5 17. hxg6 fxg6 18. Bd3 Bb7 19. Kb1 Nc4 20. Bxc4 bxc4 21. Nd4 e5 22. Qh2 exd4 23. Qxh7+ Kf7 24. Bxd4 Rg8 25. f5 Bxg5 26. Qxg6+ Kf8 27. Qxg5 Qf7 28. Rh7 Re8 29. f6 1-0

[Event "Mecklenburg VP Seniors op 11th"]
[Site "Plau am See"]
[Date "2007.??.??"]
[Round "7"]
[White "Reetz, Horst"]
[Black "Gruber, Albert"]
[Result "0-1"]
[WhiteElo "1698"]
[BlackElo "1776"]
[PlyCount "56"]
[EventDate "2007.03.19"]
[EventType "swiss"]
[EventRounds "7"]
[EventCountry "GER"]
[SourceTitle "EXT 2008"]
[Source "ChessBase"]
[SourceDate "2007.11.25"]
[SourceVersion "1"]
[SourceVersionDate "2007.11.25"]
[SourceQuality "1"]

1. e4 e5 2. Nf3 Nc6 3. Bb5 Bc5 4. 0-0 d6 5. d3 Bg4 6. Be3 Nge7 7. Bxc5 dxc5 8. Nbd2 0-0 9. Qe1 Nd4 10. Nxd4 cxd4 11. Bc4 Ng6 12. h3 Bxh3 13. gxh3 Qg5+ 14. Kh1 Qh4 15. Nf3 Qxh3+ 16. Nh2 Nh4 17. Rg1 Nf3 18. Rg2 Nxe1 19. Rxe1 c6 20. Reg1 g6 21. Rg3 Qh6 22. Kg2 b5 23. Ng4 Qg7 24. Bb3 a5 25. Rh1 Ra7 26. Rf3 h5 27. Nf6+ Kh8 28. Nxh5 gxh5+ 0-1

[Event "Mecklenburg VP Seniors op 11th"]
[Site "Plau am See"]
[Date "2007.??.??"]
[Round "5"]
[White "Vladov, Mark"]
[Black "Gruber, Albert"]
[Result "1-0"]
[WhiteElo "1657"]
[BlackElo "1776"]
[PlyCount "83"]
[EventDate "2007.03.19"]
[EventType "swiss"]
[EventRounds "7"]
[EventCountry "GER"]
[SourceTitle "EXT 2008"]
[Source "ChessBase"]
[SourceDate "2007.11.25"]
[SourceVersion "1"]
[SourceVersionDate "2007.11.25"]
[SourceQuality "1"]

1. Nf3 d5 2. c4 d4 3. d3 Nc6 4. g3 e5 5. Bg2 Bd6 6. 0-0 Nge7 7. Nbd2 f5 8. e3 0-0 9. Nb3 Ng6 10. exd4 exd4 11. Nfxd4 Nxd4 12. Nxd4 Bxg3 13. Bd5+ Kh8 14. hxg3 c6 15. Ne6 Bxe6 16. Bxe6 Qb6 17. Re1 Rae8 18. c5 Qxc5 19. Bb3 Rxe1+ 20. Qxe1 f4 21. g4 Ne5 22. Qe2 Qd6 23. f3 Qd4+ 24. Kg2 Nxd3 25. Bc2 Nxc1 26. Rxc1 Qf6 27. Rh1 g6 28. b4 Kg7 29. Be4 Rd8 30. Qc2 Qd4 31. a3 Qd2+ 32. Kh3 Rd6 33. Rh2 Qe1 34. Qb2+ Kf7 35. Qf2 Qc3 36. Qxa7 Qd4 37. Qxd4 Rxd4 38. g5 Rc4 39. Kg4 Kg7 40. Rd2 h5+ 41. Kxf4 b6 42. Rd6 1-0

[Event "Mecklenburg VP LL2 0607"]
[Site "Mecklenburg VP"]
[Date "2006.11.19"]
[Round "3.4"]
[White "Gruber, Albert"]
[Black "Tuchtenhagen, Harald"]
[Result "1/2-1/2"]
[WhiteElo "1758"]
[BlackElo "1913"]
[PlyCount "98"]
[EventDate "2006.10.15"]
[EventType "team"]
[EventRounds "9"]
[EventCountry "GER"]
[SourceTitle "EXT 2009"]
[Source "ChessBase"]
[SourceDate "2008.11.26"]
[SourceVersion "1"]
[SourceVersionDate "2008.11.26"]
[SourceQuality "1"]
[WhiteTeam "Parchim SV Blau-Weiss 69"]
[BlackTeam "Ludwigslust"]
[WhiteTeamCountry "GER"]
[BlackTeamCountry "GER"]

1. e4 e5 2. Nf3 f5 3. d4 fxe4 4. Nxe5 Nf6 5. Bg5 d6 6. Bxf6 Qxf6 7. Ng4 Qg5 8. Be2 Be7 9. Nc3 0-0 10. Nxe4 Qf4 11. 0-0 Qxe4 12. f3 Qg6 13. Bc4+ Be6 14. Qe2 d5 15. Bd3 Qf7 16. Rae1 Bxg4 17. fxg4 Bf6 18. c3 g5 19. Bf5 Kg7 20. Qd3 Re8 21. Bxh7 Rxe1 22. Rxe1 Nc6 23. Bf5 Re8 24. Rf1 Ne7 25. Bd7 Rd8 26. Ba4 c6 27. Bc2 Ng6 28. g3 Nf8 29. h4 Qe7 30. h5 Re8 31. Qf5 Qe6 32. h6+ Kf7 33. Qxg5 Qe3+ 34. Qxe3 Rxe3 35. Kf2 Bg5 36. h7 Nxh7 37. Bxh7 Re7 38. Bd3 Kg7 39. Kg2 Re3 40. Bf5 Re2+ 41. Rf2 Rxf2+ 42. Kxf2 Bc1 43. b3 Bb2 44. Bc8 b6 45. Bb7 Bxc3 46. Bxc6 Bxd4+ 47. Kf3 Kf6 48. Bxd5 Kg5 49. Be4 a5 1/2-1/2